| 000 | 00472nam a22001097a 4500 | ||
|---|---|---|---|
| 999 |
_c6905 _d6905 |
||
| 008 | 200403b ||||| |||| 00| 0 eng d | ||
| 245 |
_aTanzania Main Statistical Tables: _bSelected from National, Regional and District Profiles 2002 Population and Housing Census/ _cMinistry of Planning, Economy and Empowerment.- _hEnglish. |
||
| 260 |
_aDar Es Salaam: _bNational Bureau of Statistics, _c2006. |
||
| 300 |
_axiii, 503p; _bTables, _c30cm.- |
||
| 650 | _2CENSUS | ||
| 942 |
_2ddc _cBOOKS |
||